Statistics for Walking Dead Characters

Click here to take the quiz!

General Stats

  • This quiz has been taken 148 times
  • The average score is 65 of 96

Answer Stats

HintAnswer% Correct
Son of aboveCarl Grimes
99%
Korean guy was killed in S7 by a baseball bat named LucilleGlenn Rhee
99%
Mother of above died when #3 was bornLori Grimes
99%
Former Police sherrifRick Grimes
99%
At first a soft woman but later became BADASSCarol Peletier
97%
Fan Favourite has a crossbowDaryl Dixon
97%
Daughter of the #1Judith Grimes
97%
Wife of the Korean guy now leader of HilltopMaggie Greene
96%
Partner of #1 was stabbed to deathShane Walsh
96%
Died in S3 had an affaire with the GovernorAndrea
95%
Sister of above was shot in the headBeth Greene
95%
Old man died when he was attacked by a walkerDale Horvath
95%
Woman with a Katana as her weapon of choiceMichonne
95%
Saved the life of #1 later returned in S5Morgan Jones
95%
Her sister first big death on the showAmy
94%
Father of the two above a very wise man he was decapitatedHershel Greene
94%
His brother who is missing a handMerle Dixon
94%
Daughter of above was missing in S2Sophia Peletier
94%
Ginger with the best moustache in the world died in S7 by LucilleAbraham Ford
92%
A man who claims he is a scientistEugene Porter
92%
Lesbian living in AlexandriaTara Chambler
90%
His leg was cut of by the people of TerminusBob Stookey
89%
Father of above was very abusiveEd Peletier
89%
Main villain of S7 killed two main characters at episode 1 of S7 has a baseball bat named LucilleNegan
89%
Husband of above was shot in the foot and devoured by walkersOtis
89%
Died in S7 because she took a suicide pillSasha Williams
89%
Mechanic that was bitten and left by a tree to dieJim
87%
Big guy was bitten when he closed the gate in the PrisonTheodore T-Dog Douglas
87%
Priest who lived in a church now he lives in AlexandriaFather Gabriel Stokes
85%
Little girl that killed her own sisterLizzie Samuels
84%
Son of above was bitten by his zombified motherDuane Jones
82%
Teenage girl who moved to Hilltop to live with MaggieEnid
82%
Little girl that got killed by her own sisterMika Samuels
82%
Scientist at Woodbury was stabbed by the leader of WoodburyMilton Mamet
81%
Brother of above was bitten and died of blood lossTyreese Williams
81%
Former leader of Alexandria she was bitten by a walkerDeanna Monroe
80%
Woman who commited suicide by staying in the CDCJacqui
80%
Resident of the farm died in the RVJimmy
80%
Prisoner at the hospital later became a resident of Alexandria he was devoured by walkersNoah
80%
Leader of the KingdomKing Ezekiel
78%
Woman living at the farm with his husband was devoured by walkersPatricia
78%
Leader of WoodburyThe Governor
78%
Has half of his face burned by NeganDwight
77%
Suicided himself at the CDCEdwin Jenner
77%
Lives at Hilltop and knows Kung FuPaul Jesus Rovia
77%
Scout of AlexandriaAaron
76%
Right hand man of aboveSimon
76%
Prisoner 1 was shot in the headAxel
75%
Youngest son of above also devoured by walkersSam Anderson
75%
Leader of TerminusGareth
74%
His tigerShiva
73%
Killed Beth later got shot in the head by DarylDawn
72%
Son of the question above he was gutted by the main villain of S7Spencer Monroe
72%
Rick's former lover she was devoured by walkersJessie Anderson
71%
Left with his family has not been seen afterMorales
71%
Was killed by Michonne he is the brother of aboveRon Anderson
71%
She was the doctor of Alexandria she was shot with a arrowDenise Cloyd
68%
Leader of Hilltop wants to get rid of MaggieGregory
68%
Woman who lives in AlexandriaRosita Espinosa
68%
The husband of aboveEric Raleigh
67%
She is the inventory manager of Alexandria was shot in the faceOlivia
66%
Abusive father of above also a surgeon he was shot by RickPete Anderson
66%
Second in command of WoodburyCaesar Martinez
65%
Turned ally for the Prison but was burned to death because she had the FluKaren
65%
Right hand man of the king weapon of choice is an AxeJerry
64%
Sister of aboveLily Chambler
64%
Suicided himself on a dumpster and saved the life of Glenn in S6Nicholas
64%
Prisoner 5 killed with a hammer by aboveBig Tiny
62%
Prisoner 2 died in battle at WoodburyOscar
62%
Leader of the Scavengers has the worst haircut everJadis
58%
Last member of the Monroe family he was the first to die of the familyAiden Monroe
56%
Husband and father of the two above his throat was slit in S5Reg Monroe
56%
Prisoner 4 killed by a machete in the headTomas
54%
Helped Morgan with his problems he lives in the woodsEastman
51%
Wife of aboveSherry
51%
Prisoner 3 was shot in the headAndrew
49%
The ex boyfriend of Beth died in the mallZach
49%
Supply runner for Alexandria is missing in S7Heath
44%
Construction foreman of AlexandriaTobin
43%
The granddaughter of the question aboveCyndie
39%
She killed Olivia and is an loyal server to the Main villainArat
38%
A runner for the Kingdom was shot by a Savior and died of blood lossBenjamin
36%
Killed by Morgan in S7 because he got the man of the question below killedRichard
30%
Leader of the WolvesOwen
27%
Doctor of the Hilltop has been taken by the Saviors in S7Dr Harlan Carson
25%
Fat guy killed by Daryl with a steel pipeFat Joey
22%
Leader of the OceansideNatania
22%
Guard of Hilltop his weapon of choice is a SpearKal
18%
Doctor of the Saviors he was burned to deathDr Emmett Carson
15%
A goat owned by EastmanTabitha
14%
Was bitten in the cheek while leading the walkers out of AlexandriaCarter
11%
A walker impaled with multiple knives in the camp of the ScavengersWinslow
11%
Was shot in his leg and is an resident of AlexandriaScott
10%
The right hand of the question aboveTamiel
10%
The other guard of HilltopEduardo
8%
Old man of the ScavengersBrion
6%

Score Distribution

Percentile by Number Answered

Percent of People with Each Score

Your Score History

You have not taken this quiz